Central Library OPAC University of Rajshahi

Soil degradation in India : (Record no. 14928)

MARC details
000 -LEADER
fixed length control field 01554cam a2200337 a 4500
001 - CONTROL NUMBER
control field 14928
003 - CONTROL NUMBER IDENTIFIER
rucl marc code BD-RjUL
005 - DATE AND TIME OF LATEST TRANSACTION
control field 20211208235722.0
008 - FIXED-LENGTH DATA ELEMENTS--GENERAL INFORMATION
fixed length control field 140208s1994 ii ab b 000 0 eng
020 ## - INTERNATIONAL STANDARD BOOK NUMBER
International Standard Book Number 8120409310
035 ## - SYSTEM CONTROL NUMBER
System control number (BD-RjUL)14982
040 ## - CATALOGING SOURCE
Original cataloging agency DLC
Transcribing agency DLC
Modifying agency DLC
-- BD-RjUL
Language of cataloging eng
041 ## - LANGUAGE CODE
Language code of text/sound track or separate title eng
082 ## - DEWEY DECIMAL CLASSIFICATION NUMBER
Classification number 631.4954
Author mark and year SES
100 1# - MAIN ENTRY--PERSONAL NAME
Personal name Sehgal, J. L.
9 (RLIN) 46480
245 10 - TITLE STATEMENT
Title Soil degradation in India :
Remainder of title status and impact /
Statement of responsibility, etc. J. Sehgal, I.P. Abrol ; associates (soil degradation mapping) R.K. Saxena, R.M. Pofali.
260 ## - PUBLICATION, DISTRIBUTION, ETC. (IMPRINT)
Place of publication, distribution, etc. New Delhi :
Name of publisher, distributor, etc. Oxford & IBH Pub. Co.,
Date of publication, distribution, etc. 1994.
300 ## - PHYSICAL DESCRIPTION
Pagination 80 p. :
Illustrations ill., maps ;
Size 29 cm.
500 ## - GENERAL NOTE
General note Imprint on cover: Nagpur : National Bureau of Soil Survey & Land Use Planning, Indian Council of Agricultural Research.
General note "India, soil degradation : human induced, 3rd approximation / prepared by National Bureau of Soil Survey & Land Use Planning, Indian Council of Agricultural Research. Scale 1 : 4,400,000. 1 cm. = 44 kms.": 1 col. map ; 96 x 66 cm. folded to 21 x 26 cm. inserted.
504 ## - BIBLIOGRAPHY, ETC. NOTE
Bibliography, etc Includes bibliographical references (p. 75-78).
650 #0 - SUBJECT ADDED ENTRY--TOPICAL TERM
Topical term or geographic name as entry element Soil degradation
Geographic subdivision India.
9 (RLIN) 46481
Topical term or geographic name as entry element Agricultural ecology
Geographic subdivision India.
9 (RLIN) 46482
Topical term or geographic name as entry element Agricultural geography
Geographic subdivision India
General subdivision Maps.
9 (RLIN) 46483
700 1# - ADDED ENTRY--PERSONAL NAME
Personal name Abrol, I. P.
Personal name Saxena, R. K.
Personal name Pofali, R. M.,
Dates associated with a name 1935-
710 2# - ADDED ENTRY--CORPORATE NAME
Corporate name or jurisdiction name as entry element Indian Council of Agricultural Research.
Subordinate unit National Bureau of Soil Survey and Land Use Planning.
9 (RLIN) 46487
942 ## - ADDED ENTRY ELEMENTS (KOHA)
Source of classification or shelving scheme Dewey Decimal Classification
Koha item type Books
Holdings
Lost status Source of classification or shelving scheme Damaged status Not for loan Collection code Permanent Location Current Location Shelving location Date acquired Source of acquisition Cost, normal purchase price Total Checkouts Full call number Date last seen Copy number Koha item type
  Dewey Decimal Classification   Not For Loan Non-fiction Central Library, University of Rajshahi Central Library, University of Rajshahi Reading Room 15/11/2005 Dhaka paragon Enterprise 395.00   631.4954 SES 1994 08/02/2014 C-1 Books
  Dewey Decimal Classification     Non-fiction Central Library, University of Rajshahi Central Library, University of Rajshahi   15/11/2005 Dhaka, Paragon Enterpries Ltd. 395.00   631.4954 SES 1994 29/09/2016 C-3 Books
  Dewey Decimal Classification     Non-fiction Central Library, University of Rajshahi Central Library, University of Rajshahi   15/11/2005 Dhaka, Paragon Enterpries Ltd. 395.00   631.4954 SES 1994 29/09/2016 C-2 Books
  Dewey Decimal Classification     Non-fiction Central Library, University of Rajshahi Central Library, University of Rajshahi   15/11/2005 Dhaka, Paragon Enterpries Ltd 395.00   631.4954 SES 1994 03/06/2017 C-4 Books
  Dewey Decimal Classification     Non-fiction Central Library, University of Rajshahi Central Library, University of Rajshahi   15/11/2005 Dhaka, Paragon Enterpries Ltd 395.00   631.4954 SES 1994 03/06/2017 C-5 Books
  Dewey Decimal Classification     Non-fiction Central Library, University of Rajshahi Central Library, University of Rajshahi   15/11/2005 Dhaka, Paragon Enterpries Ltd 395.00   631.4954 SES 1994 03/06/2017 C-6 Books
  Dewey Decimal Classification     Non-fiction Central Library, University of Rajshahi Central Library, University of Rajshahi   15/11/2005 Dhaka, Paragon Enterpries Ltd 395.00   631.4954 SES 1994 03/06/2017 C-7 Books
  Dewey Decimal Classification     Non-fiction Central Library, University of Rajshahi Central Library, University of Rajshahi   15/11/2005 Dhaka, Paragon Enterpries Ltd 395.00   631.4954 SES 1994 03/06/2017 C-8 Books
  Dewey Decimal Classification     Non-fiction Central Library, University of Rajshahi Central Library, University of Rajshahi   15/11/2005 Dhaka, Paragon Enterpries Ltd 395.00   631.4954 SES 1994 03/06/2017 C-9 Books